000 00336nam a22001457a 4500
008 210527b ||||| |||| 00| 0 eng d
020 _a0891813128
041 _aeng
080 _a541
082 _a541
100 _a12
101 _aKIM
245 _aPetroleum Geochemistry and Basin Evaluation
_cGerard Demaison
942 _2udc
_cBK
999 _c57687
_d57687